000 00732nam a2200205 a 4500
001 000011459
005 20200929162447.0
008 091019s1994 dr a r 000 0 spa d
040 _aDO-SdBNP
_bspa
_cBNPHU
082 _a364.97295
_bP192c
100 1 _aPaniagua, Christian
_927141
245 1 0 _aCulpable :
_bun juicio público a los mercaderes de la justicia /
_cChristian Paniagua.
260 _aSanto Domingo :
_bTaller,
_c1994.
300 _a256 p. :
_bil. ;
_c21 cm.
590 _aInventariado, 2018/BT
650 4 _aDelitos contra la persona
_xRelatos personales
_927142
650 4 _aDelitos
_xAspectos sociales
_zPuerto Rico
_914038
650 4 _aCriminología
_zPuerto Rico
_914037
910 _aValidado. Control de calidad. EMS
999 _c11160
_d11160